[Event "Groningen op-B 55th"]
[Site "Groningen"]
[Date "2017.12.28"]
[Round "7"]
[White "Lucas, Fred"]
[Black "Kastelijn, Toine"]
[Result "1/2-1/2"]
[WhiteElo "1814"]
[BlackElo "1937"]
[PlyCount "55"]
[EventDate "2017.12.22"]
[EventType "swiss"]
[EventRounds "9"]
[EventCountry "NED"]
[SourceTitle "CBM 182 Extra"]
[Source "ChessBase"]
[SourceDate "2018.02.23"]
[SourceVersion "1"]
[SourceVersionDate "2018.02.23"]
[SourceQuality "1"]

1. c4 Nf6 2. g3 e6 3. Bg2 d5 4. Nf3 Be7 5. d4 0-0 6. 0-0 dxc4 7. Qa4 a6 8. Qxc4 b5 9. Qb3 Bb7 10. Nc3 c5 11. dxc5 Nbd7 12. c6 Bxc6 13. Bf4 b4 14. Nb1 Qb6 15. Nbd2 Bd5 16. Qd3 Rfd8 17. Rac1 e5 18. e4 Bc6 19. Qc2 Bxe4 20. Nxe4 exf4 21. Neg5 h6 22. Nxf7 Kxf7 23. Nh4 Rac8 24. Qg6+ Kg8 25. Nf5 Bf8 26. Nxh6+ Kh8 27. Nf7+ Kg8 28. Nh6+ 1/2-1/2

[Event "Groningen op-B 55th"]
[Site "Groningen"]
[Date "2017.12.27"]
[Round "6"]
[White "Kastelijn, Toine"]
[Black "Knol, Geon"]
[Result "0-1"]
[WhiteElo "1937"]
[BlackElo "2097"]
[PlyCount "90"]
[EventDate "2017.12.22"]
[EventType "swiss"]
[EventRounds "9"]
[EventCountry "NED"]
[SourceTitle "CBM 182 Extra"]
[Source "ChessBase"]
[SourceDate "2018.02.23"]
[SourceVersion "1"]
[SourceVersionDate "2018.02.23"]
[SourceQuality "1"]

1. d4 c6 2. c4 b5 3. cxb5 cxb5 4. e4 Bb7 5. Nf3 Bxe4 6. Nc3 f5 7. Bxb5 Nf6 8. Bg5 Qb6 9. Qe2 Nc6 10. 0-0 Rb8 11. Bxf6 gxf6 12. Rfd1 Bg7 13. d5 Ne5 14. Nd4 0-0 15. f3 a6 16. Bxa6 Bd3 17. Rxd3 Qxa6 18. Re3 Qb6 19. Nxf5 e6 20. Nxg7 Nc4 21. Qxc4 Qxe3+ 22. Kf1 Kxg7 23. Re1 Qg5 24. Ne4 Qxd5 25. Qxd5 exd5 26. Nc3 Rxb2 27. Re2 Rxe2 28. Kxe2 d4 29. Nb5 Ra8 30. a3 Ra5 31. Nxd4 Rxa3 32. Kf2 Ra2+ 33. Kg3 Kg6 34. Kh3 Rd2 35. Nb5 Kf5 36. Nc3 d5 37. Nb5 Kf4 38. Nd6 Ra2 39. Ne8 Ke5 40. g4 d4 41. Kg3 Ra7 42. f4+ Ke6 43. g5 Ra3+ 44. Kg4 f5+ 45. Kh5 Rh3# 0-1

[Event "Groningen op-B 55th"]
[Site "Groningen"]
[Date "2017.12.26"]
[Round "5"]
[White "Haan, Gertjan"]
[Black "Kastelijn, Toine"]
[Result "0-1"]
[WhiteElo "1830"]
[BlackElo "1937"]
[PlyCount "46"]
[EventDate "2017.12.22"]
[EventType "swiss"]
[EventRounds "9"]
[EventCountry "NED"]
[SourceTitle "CBM 182 Extra"]
[Source "ChessBase"]
[SourceDate "2018.02.23"]
[SourceVersion "1"]
[SourceVersionDate "2018.02.23"]
[SourceQuality "1"]

1. Nf3 e6 2. c4 Nf6 3. Nc3 d5 4. d4 Bb4 5. cxd5 exd5 6. Bf4 0-0 7. e3 Re8 8. Qc2 Nbd7 9. Bd3 Nf8 10. 0-0 Ng6 11. Bg5 c6 12. h4 Qd6 13. Rae1 Ne4 14. Bxe4 dxe4 15. Nxe4 Qe6 16. Nc3 Qg4 17. e4 h6 18. Bd2 Nxh4 19. Nxh4 Qxh4 20. Re3 Bg4 21. Rfe1 Rad8 22. d5 Bc5 23. Rg3 Qxg3 0-1

[Event "Groningen op-B 55th"]
[Site "Groningen"]
[Date "2017.12.23"]
[Round "3"]
[White "Beukema, Christiaan"]
[Black "Kastelijn, Toine"]
[Result "0-1"]
[WhiteElo "1797"]
[BlackElo "1937"]
[PlyCount "74"]
[EventDate "2017.12.22"]
[EventType "swiss"]
[EventRounds "9"]
[EventCountry "NED"]
[SourceTitle "CBM 182 Extra"]
[Source "ChessBase"]
[SourceDate "2018.02.23"]
[SourceVersion "1"]
[SourceVersionDate "2018.02.23"]
[SourceQuality "1"]

1. e4 c5 2. Nc3 d6 3. Bb5+ Bd7 4. Bxd7+ Qxd7 5. f4 Nc6 6. Nf3 g6 7. 0-0 Bg7 8. d3 e6 9. Be3 Nd4 10. e5 Ne7 11. Ne4 Nef5 12. Bf2 Qc7 13. g4 dxe5 14. gxf5 gxf5 15. Ned2 Rg8 16. Nxd4 cxd4 17. fxe5 Bh6+ 18. Bg3 Qxe5 19. Nf3 Qd5 20. Kh1 0-0-0 21. Qe2 Be3 22. Bf2 f4 23. b3 Rg6 24. Rg1 e5 25. Rxg6 hxg6 26. Rg1 Rh8 27. Rg5 f5 28. Kg1 Qd8 29. Rxg6 e4 30. dxe4 fxe4 31. Bxe3 dxe3 32. Ne5 Kb8 33. Nf7 Qd2 34. Qxd2 exd2 35. Rd6 e3 36. Nxh8 e2 37. Kf2 e1Q+ 0-1

[Event "Viljandi Raud Memorial 47th"]
[Site "Viljandi"]
[Date "2013.07.07"]
[Round "9"]
[White "Bouwmans, Erik"]
[Black "Kastelijn, Toine"]
[Result "1-0"]
[WhiteElo "1763"]
[BlackElo "1971"]
[PlyCount "53"]
[EventDate "2013.07.01"]
[EventType "swiss"]
[EventRounds "9"]
[EventCountry "EST"]
[SourceTitle "CBM 155 Extra"]
[Source "ChessBase"]
[SourceDate "2013.08.26"]
[SourceVersion "1"]
[SourceVersionDate "2013.08.26"]
[SourceQuality "1"]

1. d4 e6 2. c4 Nf6 3. Nf3 b6 4. Nc3 Bb4 5. e3 Bb7 6. Bd3 Ne4 7. Qc2 f5 8. 0-0 Bxc3 9. bxc3 d6 10. Nd2 d5 11. Ba3 Nd7 12. cxd5 exd5 13. f3 Nxd2 14. Qxd2 Qg5 15. Qe2 Kf7 16. e4 Rhe8 17. e5 f4 18. Rae1 Kg8 19. Bc1 Qh4 20. Qf2 Qh6 21. g3 g5 22. gxf4 gxf4 23. Kh1 Nf8 24. Rg1+ Kh8 25. Rg4 Ne6 26. Rh4 Qg7 27. Rxh7+ 1-0

[Event "Viljandi Raud Memorial 47th"]
[Site "Viljandi"]
[Date "2013.07.04"]
[Round "5"]
[White "Kukk, Sander"]
[Black "Kastelijn, Toine"]
[Result "0-1"]
[WhiteElo "2201"]
[BlackElo "1971"]
[PlyCount "112"]
[EventDate "2013.07.01"]
[EventType "swiss"]
[EventRounds "9"]
[EventCountry "EST"]
[SourceTitle "CBM 155 Extra"]
[Source "ChessBase"]
[SourceDate "2013.08.26"]
[SourceVersion "1"]
[SourceVersionDate "2013.08.26"]
[SourceQuality "1"]

1. e4 e6 2. d3 c5 3. g3 Nc6 4. Nc3 g6 5. Bg2 Bg7 6. f4 d6 7. Nf3 Nge7 8. 0-0 0-0 9. Be3 Nd4 10. e5 Nec6 11. exd6 Qxd6 12. Ne4 Qe7 13. c3 f5 14. Ned2 Nxf3+ 15. Nxf3 Rd8 16. Qe2 Rb8 17. Rfe1 b6 18. Bf2 Rd6 19. Rad1 Ba6 20. Qc2 Rbd8 21. Ng5 Qd7 22. Qa4 Bb7 23. Re3 h6 24. Nf3 Ne5 25. Qxd7 Nxf3+ 26. Bxf3 R8xd7 27. Bxb7 Rxb7 28. Kf1 Rbd7 29. Ke2 Kf7 30. Kd2 e5 31. fxe5 Bxe5 32. Kc2 Bf6 33. a4 Bg5 34. Re2 h5 35. a5 c4 36. d4 b5 37. Re5 Rd5 38. a6 Bf6 39. Rxd5 Rxd5 40. b3 Ke6 41. bxc4 bxc4 42. Ra1 Rd7 43. Ra5 Be7 44. Be3 Bd6 45. Rb5 h4 46. Bf4 g5 47. Bxg5 hxg3 48. hxg3 Bxg3 49. Kd2 Rd6 50. Rc5 Rxa6 51. Rxc4 f4 52. Ke2 Kf5 53. Bd8 Ra2+ 54. Kd3 f3 55. Rc5+ Ke6 56. Ra5 f2 0-1

[Event "SRB Central-ch op-B 5th"]
[Site "Paracin"]
[Date "2012.07.12"]
[Round "8"]
[White "Majstorovic, Dusan"]
[Black "Kastelijn, Toine"]
[Result "0-1"]
[WhiteElo "2050"]
[BlackElo "1946"]
[PlyCount "46"]
[EventDate "2012.07.06"]
[EventType "swiss"]
[EventRounds "9"]
[EventCountry "SRB"]
[SourceTitle "CBM 149 Extra"]
[Source "ChessBase"]
[SourceDate "2012.08.24"]
[SourceVersion "1"]
[SourceVersionDate "2012.08.24"]
[SourceQuality "1"]

1. e4 e6 2. d4 d5 3. Nd2 Nf6 4. Bd3 c5 5. e5 Nfd7 6. c3 Nc6 7. Ngf3 Qb6 8. Qb3 Qxb3 9. axb3 cxd4 10. cxd4 Nb4 11. Ke2 b6 12. Nb1 Be7 13. Bd2 Nxd3 14. Kxd3 a5 15. Nc3 0-0 16. Be3 Ba6+ 17. Kd2 f6 18. Rac1 Rac8 19. Na2 fxe5 20. Nxe5 Nxe5 21. dxe5 d4 22. Bxd4 Bg5+ 23. Be3 Rxf2+ 0-1

[Event "SRB Central-ch op-B 5th"]
[Site "Paracin"]
[Date "2012.07.10"]
[Round "5"]
[White "Milosevic, Rade"]
[Black "Kastelijn, Toine"]
[Result "1-0"]
[WhiteElo "2099"]
[BlackElo "1946"]
[PlyCount "113"]
[EventDate "2012.07.06"]
[EventType "swiss"]
[EventRounds "9"]
[EventCountry "SRB"]
[SourceTitle "CBM 149 Extra"]
[Source "ChessBase"]
[SourceDate "2012.08.24"]
[SourceVersion "1"]
[SourceVersionDate "2012.08.24"]
[SourceQuality "1"]

1. Nf3 e6 2. c4 d5 3. cxd5 exd5 4. d4 Bd6 5. Nc3 c6 6. Bg5 Nf6 7. Qc2 Nbd7 8. e3 Nf8 9. Bd3 Bg4 10. Ne5 Bh5 11. f4 h6 12. Bh4 Bg6 13. Nxg6 fxg6 14. Bxg6+ Nxg6 15. Qxg6+ Kf8 16. 0-0 Qe7 17. Rae1 Qf7 18. Qxf7+ Kxf7 19. Bxf6 gxf6 20. Kf2 Bb4 21. Rc1 Rae8 22. a3 Bxc3 23. Rxc3 Ke6 24. b4 Kd6 25. Kf3 f5 26. Rg1 h5 27. g3 Re7 28. a4 Rg7 29. h3 Rhg8 30. Rc2 Re7 31. Rcg2 Rh8 32. g4 hxg4+ 33. hxg4 Rh3+ 34. Rg3 fxg4+ 35. Kxg4 Rh2 36. b5 Ra2 37. bxc6 Kxc6 38. Kf5 Rxa4 39. Rg6+ Kb5 40. Re6 Rd7 41. Ke5 Ra3 42. Rg3 a5 43. f5 Rc3 44. f6 Rcc7 45. Re8 a4 46. Ke6 Kc6 47. Rg1 Rd6+ 48. Ke5 Rf7 49. Re6 Rxe6+ 50. Kxe6 Rxf6+ 51. Kxf6 b5 52. Rb1 Kb6 53. e4 dxe4 54. d5 b4 55. Rxb4+ Kc5 56. Rxa4 Kxd5 57. Kf5 1-0

[Event "SRB Central-ch op-B 5th"]
[Site "Paracin"]
[Date "2012.07.10"]
[Round "6"]
[White "Nikolic, Milan"]
[Black "Kastelijn, Toine"]
[Result "0-1"]
[WhiteElo "1857"]
[BlackElo "1946"]
[PlyCount "64"]
[EventDate "2012.07.06"]
[EventType "swiss"]
[EventRounds "9"]
[EventCountry "SRB"]
[SourceTitle "CBM 149 Extra"]
[Source "ChessBase"]
[SourceDate "2012.08.24"]
[SourceVersion "1"]
[SourceVersionDate "2012.08.24"]
[SourceQuality "1"]

1. Nf3 Nf6 2. c4 e6 3. Nc3 d5 4. cxd5 exd5 5. d4 c6 6. Bg5 Be7 7. g3 Bf5 8. Qb3 Qb6 9. Qxb6 axb6 10. a3 b5 11. Rc1 Nbd7 12. Bg2 Nb6 13. Nd2 h6 14. Bxf6 Bxf6 15. e3 Bd3 16. Ne2 Na4 17. b4 0-0 18. Nf4 Bc4 19. Nxc4 bxc4 20. 0-0 Nb6 21. Ra1 Ra7 22. Rfb1 Na4 23. b5 Nc3 24. Rb4 Be7 25. Rb2 Rxa3 26. Rc1 Rfa8 27. bxc6 bxc6 28. Rb6 g5 29. Rc2 gxf4 30. Rxc6 Ra1+ 31. Bf1 f3 32. Rxc3 Rxf1+ 0-1